Přiznání iluminátů. 2, Čas dubových holí /

Druhá kniha ironických fantasy vyprávění o tom, jaké trable přináší každodenní konspirační fuška k ovládnutí světa.

Hlavní autor: Pohunek, Jan, 1981-
Jazyk: Čeština
Vydáno: Praha : Straky na vrbě, 2022
Vydání: Vydání první
Edice: Česká fantastika
Témata:
Fyzický popis: 512 stran : ilustrace ; 17 cm
Knihy
Uloženo v:
LEADER 01848nam a2200457 i 4500
001 nkc20223471708
003 CZ PrNK
005 20221219110038.0
007 ta
008 221111s2022 xr a g 000 j cze
015 |a cnb003471708 
020 |a 978-80-88346-22-7  |q (brožováno) :  |c Kč 350,00 
035 |a (OCoLC)1357139457 
040 |a ABG001  |b cze  |d ABA001  |e rda 
072 7 |a 821.162.3-3  |x Česká próza  |2 Konspekt  |9 25 
080 |a 821.162.3-32  |2 MRF 
080 |a (0:82-322.9)  |2 MRF 
100 1 |a Pohunek, Jan,  |d 1981-  |7 pag2008446275  |4 aut 
245 1 0 |a Přiznání iluminátů.  |n 2,  |p Čas dubových holí /  |c Jan Pohunek 
246 3 0 |a Čas dubových holí 
250 |a Vydání první 
264 1 |a Praha :  |b Straky na vrbě,  |c 2022 
300 |a 512 stran :  |b ilustrace ;  |c 17 cm 
336 |a text  |b txt  |2 rdacontent 
337 |a bez média  |b n  |2 rdamedia 
338 |a svazek  |b nc  |2 rdacarrier 
490 1 |a Česká fantastika ;  |v svazek 158 
500 |a 1500 výtisků 
520 2 |a Druhá kniha ironických fantasy vyprávění o tom, jaké trable přináší každodenní konspirační fuška k ovládnutí světa.  |b Drobné příběhy, facebookové statusy a stručné zpovědi řadových příslušníků celosvětového spiknutí už v druhé knize přibližují čtenářům, že tahat za nitky ze zákulisí světa není jen tak. 
655 7 |a české příběhy  |7 fd133973  |2 czenas 
655 7 |a fantasy příběhy  |7 fd184198  |2 czenas 
655 9 |a Czech stories  |2 eczenas 
655 9 |a fantasy stories  |2 eczenas 
787 0 8 |i Z cyklu:  |t Ilumináti  |g 2 
830 0 |a Česká fantastika  |0 s 
910 2 |a BOA001  |b 1-1420.541,2 
920 |a 4677517  |z ABG001 
990 |a BK 
995 |a 01 
991 |b 202212  |c NOV 
996 6 |b 2610924829  |c 1-1420.541,2  |l MZK  |r Sklad / do 1 hodiny  |n 0  |p p.v.  |w 001908574  |u 000010  |a 1  |e BOA001  |j MZK50  |s P